Statistiche per Quiz Cultura Generale - Quiz n°2

Clicka qui per fare il quiz!

Statistiche generali

  • Questo quiz è stato fatto 138 volte
  • Il punteggio medio è 8 su 15

Statistiche sulle risposte

DomandaRisposta% Corretto
Come si traduce in italiano la parola "boat"?Barca
95%
Qual è l'unica regione italiana confinante con la Calabria?Basilicata
95%
Qual è l'unico osso della coscia?Femore
80%
In quale giorno del mese di Settembre Hitler invase la Polonia nel 1939?1
77%
Quale elemento chimico è indicato con la lettera C nella tavola periodica degli elementi?Carbonio
76%
Chi ha vinto il Festival di Sanremo nel 2020?Diodato
63%
A quale declinazione latina appartiene il termine "rosa,ae"?Prima
61%
Quale filosofo ha scritto l'opera "Critica della ragion pura"?Immanuel Kant
52%
Chi ha scritto "Dei delitti e delle pene"?Cesare Beccaria
50%
Quale regista ha diretto il film "Inception"?Christopher Nolan
37%
Chi ha dipinto "La Libertà che guida il popolo"?Eugène Delacroix
30%
Nella formula E=mc², il termine "c" cosa indica?Velocità della luce
29%
Quale pilota ha vinto il campionato mondiale di Formula 1 nel 2016?Nico Rosberg
28%
Qual è la Capitale del Sudan?Khartum
24%
In che anno iniziò la "Guerra dei 30 anni"?1618
7%

Distribuzione punteggi

Percentile per numero di risposta

Percentuale di utenti per punteggio

I tuoi punteggi nel tempo

Non hai fatto questo quiz